Element Mash-Up Puzzle: Countries - Statistics

General Stats
  • This quiz has been taken 344 times
  • The average score is 12 of 20
Answer Stats
Hint Answer % Correct
Cuba
87%
Barium, Copper Ba, Cu
80%
Brazil
76%
Silver, Gold, Neodyium Ag, Au, Nd
75%
Lithium, Zirconium, Barium Li, Zr, Ba
72%
Aluminum, Nobelium, Silver Al, No, Ag
69%
Uranium, Silicon, Astatine, Radium U, Si, At, Ra
66%
Argon, Nitrogen, Yttrium, Tungsten, Oxygen Ar, N, Y, W, O
63%
Uganda
63%
Angola
58%
Lanthanum, Gallium, Iridium, Rhenium La, Ga, I, Re
56%
Panama
55%
Radium, Samarium, Europium, Indium Ra, Sm, Eu, In
55%
Vanadium, Gold, Thallium, Uranium V, Au, Tl, U
55%
Americium, Protactinium, Sodium Am, Pa, Na
52%
Norway
52%
Tuvalu
49%
Austria
40%
Algeria
39%
Suriname
19%
No matching quizzes found
Score Distribution
Percent of People with Each Score
Percentile by Number Answered
Your Score History
You have not taken this quiz